| 000 | 00387nam a2200169Ia 4500 | ||
|---|---|---|---|
| 001 | 12183 | ||
| 003 | IN-NITTTR | ||
| 005 | 20251114233114.0 | ||
| 008 | 251113s9999||||xx |||||||||||||| ||eng|| | ||
| 040 | _beng | ||
| 040 | _cIN-NITTTR | ||
| 041 | _aeng | ||
| 082 | _a823 C881A | ||
| 100 | _aCronin . A . J., | ||
| 245 | 0 |
_aAdventures in two worlds / _cCronin . A . J. |
|
| 942 |
_2ddc _cBK |
||
| 999 |
_c14819 _d14819 |
||